000 00442nam a2200157 i 4500
001 49230
003 ES-MaACL
005 20230906161916.0
007 t|
008 030711s1912 it ||||1| ita d
100 1 _aCorte-Enna, Giuseppe.
_940834
245 1 0 _aElementi di scienza delle finance /
_cGiuseppe Corte-Enna.
260 _aMilano :
_b[s.n.],
_c1912 (
_fTip. Indipendenza)
300 _a432 p. ;
_c20 cm.
852 _aES-MaACL
_jF-4474
999 _c49230
_d49230